Les 10 animaux les plus rapides sur terre - Statistiques

Statistiques générales
  • Ce quiz a été pris 1 389 fois
  • Le résultat moyen est 3 sur 10
Statistiques - réponses
Hint Réponse % Correct
1 Guépard 120km/h
94%
6 Lion 81km/h
82%
4 Autruche d'Afrique 97km/h
38%
10 Lièvre Brun 70km/h
27%
7 Gnou 80km/h
13%
9 Lévrier Greyhound 72km/h
12%
2 Springbok/Antilope d'Afrique 115km/h
6%
3 Antilope d'Amérique 110km/h
2%
8 Blackbuck/Antilope indienne 80km/h
1%
5 Quarter Horse 86km/h
1%
Aucun quiz correspondant
Distribution des résultats
% des personnes avec chaque résultat
Percentile par nombre de réponses
Votre historique - résultats
Vous n’avez pas pris ce quiz